Stadt zu Land #41 - Statistiken

Allgemein
  • Dieses Quiz wurde 273 mal gespielt
  • Das Durchschnittsergebnis liegt bei 10 aus 14
Antwortstatistiken
Stadt Land % Korrekt
Krakau Polen
98%
Porto Portugal
94%
Pittsburgh Vereinigte Staaten
92%
Pristina Kosovo
89%
Omsk Russland
89%
Montevideo Uruguay
83%
Aleppo Syrien
79%
Asuncion Paraguay
74%
Kobe Japan
72%
Puebla Mexiko
71%
Timbuktu Mali
60%
Pecs Ungarn
46%
Oran Algerien
41%
Dire Dawa Äthiopien
19%
Keine übereinstimmenden Quizze gefunden
Verteilung der Resultate
Anzahl Personen mit jedem Resultat
Perzentil nach korrekt beantworteten Fragen
Ihre Resultats-Entwicklung
Sie haben dieses Quiz noch nicht gespielt